000 00595nam a2200205Ii 4500
003 JO-AjNU
008 230605s9999||||xx |||||||||||||| ||und||
040 _aJO-AjNU
_bara
_erda
_cJO-AjNU
041 _aara
050 1 4 _aPJ7820 2000
100 3 _aرجب، رضا,
_eauthor
_952089
245 0 0 _aسيف الدولة العربي شعر
250 _aط4
264 3 1 _aدمشق: دار الينابيع، 2000
300 _a281ص
336 _atext
_btxt
_2rdacontent
337 _aunmediated
_bn
_2rdamedia
338 _avolume
_bnc
_2rdacarrier
650 4 _aالشعر العربي
_952090
999 _aA23053
_c26621
_d26621